000 00938cam a22002774a 4500
001 12512006
003 ARRUPE
005 20150911155321.0
008 010823s2002 ctu b 001 0 eng
010 _a 2001046649
020 _a0300088744 (acidfree paper)
040 _aDLC
_cDLC
_dDLC
042 _apcc
050 0 0 _aB816
_b.V36 2001
082 0 0 _a146/.44
_221
100 1 _aVan Fraassen, Bas C.,
_d1941-
_913708
245 1 4 _aThe empirical stance /
_cBas C. van Fraassen.
260 _aNew Haven, CT :
_bYale University Press,
_cc2002.
300 _axix, 282 p. ;
_c22 cm.
440 4 _aThe Terry lectures
_919854
504 _aIncludes bibliographical references (p. [261]-273) and index.
650 0 _aEmpiricism.
_92894
906 _a7
_bcbc
_corignew
_d1
_eocip
_f20
_gy-gencatlg
942 _2lcc
_cMONOGRAPH
999 _c123408
_d123408